00325nam a2200121Ia 4500008004100000041000800041082001500049100001700064245004500081260004200126300002400168365001100192240624s9999 xx 000 0 und d aeng a021.24 TRI aTRIPATHI S M aOBJECTIVE QUESTIONS IN LIBRARY AND INFOR c2006aNew DelhibEss Ess Publications a331 : p. : cm. ; 21 cRSb20